Die teuersten Fußballtransfers - Geboren 1996 - Statistiken

Allgemein
  • Dieses Quiz wurde 20 mal gespielt
  • Das Durchschnittsergebnis liegt bei 7 aus 10
Antwortstatistiken
Ablöse (M €) Saison Nationalität Abgebender Verein Aufnehmender Verein Spieler % Korrekt
50,00 2023-2024 Südkorea SSC Neapel Bayern München Min-jae Kim
100%
53,00 2020-2021 Deutschland RB Leipzig FC Chelsea Timo Werner
89%
70,00 2019-2020 Spanien Atlético Madrid Manchester City Rodri
83%
50,20 2023-2024 Kamerun Inter Mailand Manchester United André Onana
78%
80,60 2020-2021 Brasilien FC Barcelona Juventus Tyrin Arthur Melo
78%
52,00 2016-2017 Deutschland FC Schalke 04 Manchester City Leroy Sané
78%
80,00 2019-2020 Frankreich Atlético Madrid Bayern München Lucas Hernández
78%
58,00 2022-2023 Brasilien Leeds United FC Barcelona Raphinha
67%
62,00 2019-2020 Frankreich Olympique Lyon Tottenham Tanguy Ndombélé
44%
50,20 2020-2021 England Leciester City FC Chelsea Ben Chilwell
39%
Keine übereinstimmenden Quizze gefunden
Verteilung der Resultate
Anzahl Personen mit jedem Resultat
Perzentil nach korrekt beantworteten Fragen
Ihre Resultats-Entwicklung
Sie haben dieses Quiz noch nicht gespielt